Sehri Tales /

Bibliographic Details
Main Author: Ahmed, Sabrina Fatma
Format: Book
Language:English
Published: Dhaka : Worthy Publications, c2018.
Subjects:
Classic Catalogue: View this record in Classic Catalogue
LEADER 01258nam a22003017a 4500
001 33890
003 BD-DhAAL
005 20250731104715.0
008 181022t2018 bg ||||| |||| 00| 0 eng d
020 |a 9789846050098 
040 |a BD-DhAAL  |d BD-DhAAL 
082 |a 891.441  |2 23 
100 |a Ahmed, Sabrina Fatma.  |9 28572 
245 |a Sehri Tales /  |c Sabrina Fatma Ahmed. 
260 |a Dhaka :  |b Worthy Publications,  |c c2018. 
300 |a 112 pages :  |b illustrations (black and white) ;  |c 23 cm. 
500 |a Poems. 
526 |a ENH 
541 |a Development book agency  |e 33890, 33891 
650 |a Bengali poetry.  |9 28583 
650 |a Bengali literature. 
655 |a Bangladeshi poetry (English).   |9 48758 
655 |a Lyrics (Poetry).  |9 58900 
852 |a Ayesha Abed Library  |c General Stacks 
942 |2 ddc  |c BK 
999 |c 40111  |d 40111 
952 |0 0  |1 0  |2 ddc  |4 0  |6 891_441000000000000_AHM  |7 0  |9 64504  |a BRACUL  |b BRACUL  |c GEN  |d 2018-10-16  |e Development Book Agency  |g 300.00  |l 5  |m 11  |o 891.441 AHM  |p 3010033891  |r 2024-04-28  |s 2024-04-03  |t 2  |v 300.00  |w 2018-10-16  |y BK 
952 |0 0  |1 0  |2 ddc  |4 0  |6 891_441000000000000_AHM  |7 0  |9 64505  |a BRACUL  |b BRACUL  |c GEN  |d 2018-10-16  |e Development Book Agency  |g 300.00  |l 4  |m 1  |o 891.441 AHM  |p 3010033890  |r 2024-06-23  |s 2024-06-13  |t 1  |v 300.00  |w 2018-10-16  |y BK